[Event "EU-ch blitz"]
[Site "Minsk"]
[Date "2015.12.18"]
[Round "1.45"]
[White "Aleksandrov, Aleksej"]
[Black "Tavakalov, Stanislav"]
[Result "1-0"]
[WhiteElo "2615"]
[BlackElo "1892"]
[PlyCount "43"]
[EventDate "2015.12.18"]
[EventType "swiss (blitz)"]
[EventRounds "22"]
[EventCountry "BLR"]
[SourceTitle "EXT 2017"]
[Source "ChessBase"]
[SourceDate "2016.10.25"]
[SourceVersion "1"]
[SourceVersionDate "2016.10.25"]
[SourceQuality "1"]

1. d4 d5 2. c4 c6 3. Nc3 Nf6 4. e3 e6 5. Nf3 Nbd7 6. Bd3 Bd6 7. 0-0 0-0 8. e4 dxe4 9. Nxe4 Nxe4 10. Bxe4 Nf6 11. Bc2 c5 12. Bg5 Be7 13. Qd3 g6 14. Rad1 cxd4 15. Rfe1 Nd7 16. Bh6 Re8 17. Nxd4 Bf6 18. Nb5 Qb6 19. Qf3 Bg7 20. Bxg7 Kxg7 21. b4 Nf6 22. Rd6 1-0

[Event "Krakow op-B 23rd"]
[Site "Krakow"]
[Date "2012.12.29"]
[Round "4"]
[White "Klimentov, Evgeny"]
[Black "Tavakalov, Stanislav"]
[Result "1-0"]
[WhiteElo "1896"]
[BlackElo "1772"]
[PlyCount "79"]
[EventDate "2012.12.27"]
[EventType "swiss"]
[EventRounds "9"]
[EventCountry "POL"]
[SourceTitle "CBM 152 Extra"]
[Source "ChessBase"]
[SourceDate "2013.02.25"]
[SourceVersion "1"]
[SourceVersionDate "2013.02.25"]
[SourceQuality "1"]

1. e4 e6 2. d4 d5 3. Nc3 Nf6 4. Bg5 Bb4 5. e5 h6 6. Bd2 Bxc3 7. bxc3 Ne4 8. Nf3 c5 9. Bd3 Nxd2 10. Qxd2 Nc6 11. 0-0 0-0 12. Rab1 a6 13. Qe3 cxd4 14. cxd4 b5 15. Nd2 Na5 16. c3 Bd7 17. f4 Rc8 18. f5 exf5 19. Bxf5 Be6 20. Rf3 Qc7 21. Bc2 Nc4 22. Qd3 g6 23. Rbf1 b4 24. Rf6 Kh8 25. Nxc4 Qxc4 26. Qe3 Kg7 27. Qg3 Kh8 28. Qf4 Kg7 29. Bxg6 fxg6 30. Rxf8 Qxf1+ 31. Qxf1 Rxf8 32. Qxa6 Bc8 33. Qc6 bxc3 34. Qxc3 Ba6 35. h3 Bc4 36. Qa5 Rf7 37. a4 h5 38. Qc5 Rf8 39. e6 Re8 40. Qc7+ 1-0